000 00534nam a22001697a 4500
999 _c526355
_d526355
003 NUST
038 _aMr. Zahoor
082 _a005.1
100 _aFatima, Mamuna
_917345
245 _aBiomedical (Cardiac) Data Mining: Extraction of Significant Patterns for Predicting Heart Condition /
_cMamuna Fatima
260 _aIslamabad :
_bCEME - NUST,
_c2014.
300 _a66 p. : ill. ;
_c30cm.
500 _aHardcover.
650 _aSoftware Engineering - MS Thesis
_916149
700 _aDr. Shoad Ahmed Khan
_917346
942 _2ddc
_cTHE